Handbook of construction tolerances (Record no. 112578)

MARC details
000 -LEADER
fixed length control field 00825cam a22002295a 4500
001 - CONTROL NUMBER
control field L153535
008 - FIXED-LENGTH DATA ELEMENTS--GENERAL INFORMATION
fixed length control field 110804s2007 xxk f 000 0 eng d
020 ## - INTERNATIONAL STANDARD BOOK NUMBER
International Standard Book Number 9780471931515
035 ## - SYSTEM CONTROL NUMBER
System control number (Sirsi) u153535
041 0# - LANGUAGE CODE
Language code of text/sound track or separate title eng
050 04 - LIBRARY OF CONGRESS CALL NUMBER
Classification number 690 $2 18
100 1# - MAIN ENTRY--PERSONAL NAME
Personal name Ballast, David Kent
245 00 - TITLE STATEMENT
Title Handbook of construction tolerances
250 ## - EDITION STATEMENT
Edition statement 2nd ed.
260 ## - PUBLICATION, DISTRIBUTION, ETC.
Place of publication, distribution, etc. New Jersey
Name of publisher, distributor, etc. John Wiley & Sons, Inc.
Date of publication, distribution, etc. 2007
520 ## - SUMMARY, ETC.
Summary, etc. Includes illustrations of tolerance concepts, sections on measuring compliance with tolerance standards, guidelines on incorporating tolerance requirements in drawings and specifications and how to apply tolerance information during contract administration.
521 ## - TARGET AUDIENCE NOTE
Target audience note S
590 ## - LOCAL NOTE (RLIN)
Local note KA
651 #4 - SUBJECT ADDED ENTRY--GEOGRAPHIC NAME
Geographic name ENGLAND AND WALES
690 ## - LOCAL SUBJECT ADDED ENTRY--TOPICAL TERM (OCLC, RLIN)
Topical term or geographic name as entry element BUILT ENVIRONMENT-CONSTRUCTION DESIGN
942 ## - ADDED ENTRY ELEMENTS (KOHA)
Suppress in OPAC 0
Holdings
Withdrawn status Lost status Source of classification or shelving scheme Damaged status Not for loan Home library Current library Shelving location Date acquired Total Checkouts Full call number Barcode Date last seen Copy number Price effective from Koha item type
    Dewey Decimal Classification     London London Folio 11/08/2011   F690 BAL 30075829 06/08/2019 1 06/08/2019 Book